000 00757nam a2200217 a 4500
001 12954
003 BD-JhCC
005 20230606101614.0
008 190608s 2017bg |||| |||| 000 0 ben d
020 _a9847016700123
035 _a(BD-JhCC)12954
040 _aBD-JhCC
_dBD-JhCC
041 _abengali
082 _a891.443
_bBAN 2017
100 _aবন্দ্যোপাধ্যায়, বিভূতিভূষণ
245 _aশ্রেষ্ঠ উপন্যাস /
_cবিভূতিভূষণ বন্দ্যোপাধ্যায়।
260 _aঢাকা :
_bরহমান বুকস;
_c২০১৭.
300 _a৯৫৮ পৃ. :
_c২০ সেমি.
650 _abengali Novel
942 _2ddc
_cBK
_011
999 _c12954
_d12954